22/23 Arsenal - Statistics

General Stats
  • This quiz has been taken 59 times
    42 since last reset
  • The average score is 20 of 43
Answer Stats
# Player % Correct
1 Aaron Ramsdale
100%
7 Bukayo Saka
95%
11 Gabriel Martinelli
95%
6 Gabriel Magalhães
92%
12 William Saliba
92%
9 Gabriel Jesus
89%
35 Oleksandr Zinchenko
86%
8 Martin Ødegaard
84%
10 Emile Smith-Rowe
81%
4 Ben White
78%
5 Thomas Partey
78%
3 Kieran Tierney
70%
14 Eddie Nketiah
68%
34 Granit Xhaka
68%
72 Matt Smith
68%
24 Reiss Nelson
65%
18 Takehiro Tomiyasu
65%
20 Jorginho
59%
19 Leandro Trossard
59%
25 Mohamed Elneny
54%
Manager Mikel Arteta
51%
16 Rob Holding
46%
17 Cédric Soares
43%
15 Jakub Kiwior
43%
83 Ethan Nwaneri
35%
31 Karl Hein
32%
30 Matt Turner
32%
21 Fábio Vieira
27%
33 Arthur Okonkwo
14%
69 Charlie Patino
14%
27 Marquinhos
14%
26 Folarin Balogun
11%
22 Pablo Marí
11%
13 Rúnar Alex Rúnarsson
11%
85 Amario Cozier-Duberry
5%
96 Lino Sousa
5%
23 Albert Sami Lakonga
3%
44 Cătălin Cîrjan
3%
56 James Hillson
3%
39 Miguel Azeez
3%
46 Ben Cottrell
0%
68 Salah-Eddine Oulad M'Hand
0%
38 Zach Awe
0%
No matching quizzes found
Score Distribution
Percent of People with Each Score
Percentile by Number Answered
Your Score History
You have not taken this quiz since the last reset